<?xml version="1.0" encoding="UTF-8"?>
<record
    xmlns:xsi="http://www.w3.org/2001/XMLSchema-instance"
    xsi:schemaLocation="http://www.loc.gov/MARC21/slim http://www.loc.gov/standards/marcxml/schema/MARC21slim.xsd"
    xmlns="http://www.loc.gov/MARC21/slim">

  <leader>00962nac a22002051u 4500</leader>
  <controlfield tag="008">121202b1995    ua ||||| |||| 00| 0 ara d</controlfield>
  <datafield tag="082" ind1=" " ind2=" ">
    <subfield code="a">327.62056</subfield>
    <subfield code="b">&#x62F; &#x648; &#x631;</subfield>
    <subfield code="2">22</subfield>
  </datafield>
  <datafield tag="111" ind1=" " ind2=" ">
    <subfield code="a">&#x646;&#x62F;&#x648;&#x629; &#x627;&#x644;&#x62F;&#x648;&#x631; &#x627;&#x644;&#x625;&#x642;&#x644;&#x64A;&#x645;&#x64A; &#x644;&#x645;&#x635;&#x631; &#x641;&#x64A; &#x627;&#x644;&#x634;&#x631;&#x642; &#x627;&#x644;&#x623;&#x648;&#x633;&#x637;</subfield>
    <subfield code="c">&#x627;&#x644;&#x625;&#x633;&#x643;&#x646;&#x62F;&#x631;&#x64A;&#x629;&#x60C; &#x645;&#x635;&#x631; :</subfield>
    <subfield code="d">1994</subfield>
    <subfield code="9">31569</subfield>
  </datafield>
  <datafield tag="245" ind1=" " ind2=" ">
    <subfield code="a">&#x627;&#x644;&#x62F;&#x648;&#x631; &#x627;&#x644;&#x625;&#x642;&#x644;&#x64A;&#x645;&#x64A; &#x644;&#x645;&#x635;&#x631; &#x641;&#x64A; &#x627;&#x644;&#x634;&#x631;&#x642; &#x627;&#x644;&#x623;&#x648;&#x633;&#x637; /</subfield>
    <subfield code="c">&#x623;&#x62D;&#x645;&#x62F; &#x62B;&#x627;&#x628;&#x62A;... [&#x648;&#x622;&#x62E;.] &#x61B; &#x62A;&#x62D;&#x631;&#x64A;&#x631; &#x639;&#x628;&#x62F; &#x627;&#x644;&#x645;&#x646;&#x639;&#x645; &#x627;&#x644;&#x645;&#x634;&#x627;&#x637;.</subfield>
  </datafield>
  <datafield tag="250" ind1=" " ind2=" ">
    <subfield code="a">&#x637;. 1.</subfield>
  </datafield>
  <datafield tag="260" ind1=" " ind2=" ">
    <subfield code="a">&#x627;&#x644;&#x642;&#x627;&#x647;&#x631;&#x629; :</subfield>
    <subfield code="b">&#x62C;&#x627;&#x645;&#x639;&#x629; &#x627;&#x644;&#x642;&#x627;&#x647;&#x631;&#x629;&#x60C;</subfield>
    <subfield code="c">1995.</subfield>
  </datafield>
  <datafield tag="300" ind1=" " ind2=" ">
    <subfield code="a">466 &#x635;. &#x61B;</subfield>
    <subfield code="c">24 &#x633;&#x645;.</subfield>
  </datafield>
  <datafield tag="651" ind1=" " ind2=" ">
    <subfield code="a">&#x627;&#x644;&#x634;&#x631;&#x642; &#x627;&#x644;&#x623;&#x648;&#x633;&#x637;</subfield>
    <subfield code="v">&#x639;&#x644;&#x627;&#x642;&#x627;&#x62A; &#x62E;&#x627;&#x631;&#x62C;&#x64A;&#x629;</subfield>
    <subfield code="z">&#x645;&#x635;&#x631;</subfield>
    <subfield code="9">31570</subfield>
  </datafield>
  <datafield tag="651" ind1=" " ind2=" ">
    <subfield code="a">&#x645;&#x635;&#x631;</subfield>
    <subfield code="v">&#x639;&#x644;&#x627;&#x642;&#x627;&#x62A; &#x62E;&#x627;&#x631;&#x62C;&#x64A;&#x629;</subfield>
    <subfield code="z">&#x627;&#x644;&#x634;&#x631;&#x642; &#x627;&#x644;&#x623;&#x648;&#x633;&#x637;</subfield>
    <subfield code="9">31571</subfield>
  </datafield>
  <datafield tag="653" ind1=" " ind2=" ">
    <subfield code="b">Ara</subfield>
  </datafield>
  <datafield tag="651" ind1=" " ind2=" ">
    <subfield code="9">29430</subfield>
    <subfield code="a">&#x645;&#x635;&#x631;</subfield>
    <subfield code="x">&#x633;&#x64A;&#x627;&#x633;&#x629; &#x648;&#x62D;&#x643;&#x648;&#x645;&#x629;</subfield>
  </datafield>
  <datafield tag="700" ind1=" " ind2=" ">
    <subfield code="a">&#x62B;&#x627;&#x628;&#x62A;&#x60C; &#x623;&#x62D;&#x645;&#x62F;</subfield>
    <subfield code="9">31572</subfield>
  </datafield>
  <datafield tag="700" ind1=" " ind2=" ">
    <subfield code="a">&#x627;&#x644;&#x645;&#x634;&#x627;&#x637;&#x60C; &#x639;&#x628;&#x62F; &#x627;&#x644;&#x645;&#x646;&#x639;&#x645;</subfield>
    <subfield code="9">31573</subfield>
  </datafield>
  <datafield tag="942" ind1=" " ind2=" ">
    <subfield code="2">ddc</subfield>
    <subfield code="c">BB</subfield>
    <subfield code="k">327.62056 &#x62F; &#x648; &#x631;</subfield>
  </datafield>
  <datafield tag="999" ind1=" " ind2=" ">
    <subfield code="c">17127</subfield>
    <subfield code="d">17099</subfield>
  </datafield>
  <datafield tag="952" ind1=" " ind2=" ">
    <subfield code="0">0</subfield>
    <subfield code="1">0</subfield>
    <subfield code="2">ddc</subfield>
    <subfield code="4">0</subfield>
    <subfield code="7">0</subfield>
    <subfield code="8">Alef-Baa</subfield>
    <subfield code="a">MAIN</subfield>
    <subfield code="b">MAIN</subfield>
    <subfield code="c">1ST</subfield>
    <subfield code="d">2012-12-02</subfield>
    <subfield code="e">purchase</subfield>
    <subfield code="o">327.62056 &#x646; &#x62F; &#x648;</subfield>
    <subfield code="p">000027860</subfield>
    <subfield code="r">2025-07-15 00:00:00</subfield>
    <subfield code="s">2019-11-20</subfield>
    <subfield code="y">BB</subfield>
  </datafield>
</record>
